| 000 | 00659nam a2200217 4500 | ||
|---|---|---|---|
| 001 | 144787 | ||
| 003 | ES-MaACL | ||
| 005 | 20250905133306.0 | ||
| 007 | t| | ||
| 008 | 070214s1978 sp r ||||1| spa d | ||
| 100 | 1 |
_aSlater, Philip. _9106772 |
|
| 245 | 1 | 3 |
_aLa soledad en la sociedad norteamericana / _cPhilip Slater ; [traducción de Angela Pérez]. |
| 250 | _a[1ª ed.]. | ||
| 260 |
_aBarcelona : _bPenínsula, _c1978. |
||
| 300 |
_a234 p. ; _c18 cm. |
||
| 490 | 1 | _aEdiciones de bolsillo | |
| 700 | 1 |
_aPérez Gómez, Ángela _990555 |
|
| 830 | 0 |
_aEdiciones de bolsillo _9180756 |
|
| 852 |
_aES-MaACL _jL-8214 _bR.109069 |
||
| 999 |
_c144787 _d144787 |
||